| 000 | 00304 a2200121 4500 | ||
|---|---|---|---|
| 001 | 76689 | ||
| 082 | _a947.08 PAR | ||
| 090 |
_c39207 _d39207 |
||
| 100 | _aKushan Parshad Kol | ||
| 245 |
_aHistory of Russian Revolution (urdu) _cKushan Parshad Kol _hurdu |
||
| 260 |
_aBook Time _b2010 |
||
| 300 | _a207 p | ||
| 942 |
_acaenust _k947.08 PAR |
||
| 999 |
_c311762 _d311762 |
||